000 00433nam a2200157 i 4500
001 69736
003 ES-MaACL
005 20230906170611.0
007 t|
008 040709s1953 sp ||||1| spa d
100 1 _aArtay, Etheria.
_923428
245 1 0 _aAzares
_b: poemas /
_cEtheria Artay (seud.).
260 _aMadrid :
_b[s.n.],
_c1953 (
_fGráficas Tejario)
300 _a74 p. ;
_c16 cm.
852 _aES-MaACL
_j1955-F-3
_bR.34376
999 _c69736
_d69736